000 00364pab a2200157 454500
008 180718b1998 xxu||||| |||| 00| 0 eng d
100 _aPandit, Nalini
245 _aAmbedkar and the demand for Pakistan
260 _c1998
300 _ap.18-24
362 _a18 Apr
650 _aIndia - History
650 _aHistory
773 _aMainstream
909 _a37013
999 _c37013
_d37013